000 00497nam a2200193Ia 4500
005 20250508160037.0
008 008 250505s9999 xx 000 0 eng d
037 _aTextual
040 _aFEDL
_beng
_cFEDL
041 _aeng
_2eng
084 _a294.5, GOY
_qFEDL
100 _aGoyandka Jayadayal
245 0 _aGems of truth
260 _aGorakhpur, India
_bGita Press
300 _a216p.
490 _aSecond Series
942 _cTEXL
_h294.5, GOY
999 _c1361359
_d1361359